000 00422nam a22001697a 4500
005 20260402103941.0
008 260402b |||||||| |||| 00| 0 eng d
020 _a8171771335
041 _aEnglish
082 _a347.09 SHA
100 _a Saharay, H.K
245 _a Law of Arbitration & Conciliation
260 _aNew Delhi:
_bE.L.H,
_c2001.
300 _a880 p.
650 _b Arbitration & Conciliation
942 _cDB
999 _c9576
_d9576